000 00800cab a2200253 4500
001 ABS56530
008 090401t1997 xxu||||| |||| 00| 0 eng d
035 _a(Sirsi) u24319
041 _aeng
100 _aBrown, P.
245 _aProfits v contractor`s
260 _c1997
350 _a0
490 _aInstitute of Revenues Rating and Valuation Journal
_vInsight (1) January/February 1997, 34-37(4)
520 _aPresents differing views on whether the profits method or contractor`s basis is the right valuation method for assessing certain properties.
650 _aCONTRACTORS METHOD
650 _aNON-DOMESTIC RATING
650 _aPROFITS METHOD
650 _aRATING VALUATION
690 _aRATING AND VALUATION
700 _aSanderson, P.
942 _n0
948 _c04/03/1997
999 _c16302
_d16302